| 000 | 02143 a2200337 4500 | ||
|---|---|---|---|
| 020 | _a0321277945 | ||
| 020 | _a9780321277947 | ||
| 082 | 0 | 4 | _a338.5 |
| 090 |
_c197 _d197 |
||
| 100 | 1 | _aPerloff, Jeffrey M. | |
| 245 | 1 | 0 |
_aMicroeconomics : _btheory and applications with calculus / _cJeffrey M. Perloff. |
| 250 | _aUnited States ed ed. | ||
| 260 |
_a[S.l.] : _bAddison Wesley, _c2007. |
||
| 300 |
_a800 p. ; _c26 cm. |
||
| 500 | _aHardcover. | ||
| 520 | _aIn Microeconomics: Theory and Applications with Calculus, Perloff brings his hallmark pedagogy to the calculus-based course by integrating Solved Problems and real, data-driven applications in every chapter. This new text offers a serious presentation of calculus-based microeconomic theory and offers a suite of carefully crafted, calculus-based problem sets at the end of each chapter. Introduction; Supply and Demand; A Consumer’s Constrained Choice; Demand; Consumer Welfare and Policy Analysis; Firms and Production; Costs; Competitive Firms and Markets; Properties and Applications of the Competitive Model; General Equilibrium and Economic Welfare; Monopoly; Pricing and Advertising; Oligopoly and Monopolistic Competition; Game Theory; Factor Markets; Uncertainty; Externalities, Open Access, and Public Goods; Asymmetric Information; Contracts and Moral Hazard. For all readers interested in calculus-based intermediate microeconomics | ||
| 650 | _aBusiness/Economics | ||
| 650 | _aEconomics: Textbooks & Study Guides | ||
| 650 | _aEconomics | ||
| 650 | _aBusiness / Economics / Finance | ||
| 650 | _aBusiness & Economics | ||
| 650 | _aMicroeconomics | ||
| 650 | _aBusiness & Economics / Economics / General | ||
| 650 | _aBusiness & Economics / Economics / Microeconomics | ||
| 650 | _aCalculus | ||
| 650 | _aEconomics - Microeconomics | ||
| 650 | _aMATHEMATICS / Calculus | ||
| 856 |
_3Amazon.com _uhttp://www.amazon.com/exec/obidos/ASIN/0321277945/chopaconline-2 |
||
| 856 |
_3Amazon customer reviews _uhttp://www.chopac.org/cgi-bin/tools/azrev.pl?q=032127794 |
||
| 942 |
_aNBS _cBK _k338.5 PER |
||
| 999 |
_c342770 _d342770 |
||